|
|
|
|
| LEADER |
00000nam0a2200000 4500 |
| 001 |
264446 |
| 005 |
20231101233831.0 |
| 035 |
|
|
|a (RuTPU)RU\TPU\book\287437
|
| 090 |
|
|
|a 264446
|
| 100 |
|
|
|a 20140619d1970 k y0rusy50 ca
|
| 101 |
1 |
|
|a rus
|c eng
|
| 102 |
|
|
|a RU
|
| 105 |
|
|
|a a z 000zy
|
| 200 |
1 |
|
|a Твердое тело. Структура и свойства
|e сборник статей зарубежных ученых
|e пер. с англ.
|f сост. И. М. Дремин
|
| 210 |
|
|
|a Москва
|c Знание
|d 1970
|
| 215 |
|
|
|a 63 с.
|c ил.
|
| 225 |
1 |
|
|a Физики о физике
|
| 606 |
1 |
|
|a Твердые тела
|x Структура
|2 stltpush
|3 (RuTPU)RU\TPU\subj\58685
|9 76450
|
| 610 |
1 |
|
|a зонная теория
|
| 610 |
1 |
|
|a термодинамика
|
| 610 |
1 |
|
|a критическая точка
|
| 610 |
1 |
|
|a электроны
|
| 610 |
1 |
|
|a дифракция
|
| 610 |
1 |
|
|a кристаллография
|
| 675 |
|
|
|a 539.25
|v 3
|
| 702 |
|
1 |
|a Дремин
|b И. М.
|4 220
|
| 801 |
|
1 |
|a RU
|b 63413507
|c 20140619
|
| 801 |
|
2 |
|a RU
|b 63413507
|c 20150205
|g RCR
|
| 942 |
|
|
|c BK
|